| 000 | 00584nam a22001817a 4500 | ||
|---|---|---|---|
| 005 | 20231109085022.0 | ||
| 008 | 231109b |||||||| |||| 00| 0 eng d | ||
| 020 | _a07021165480 ; 0702116556 | ||
| 041 | _aEnglish | ||
| 082 | _a346.2 KAH | ||
| 100 |
_aKahn, E et al. _lEnglish |
||
| 245 |
_aContract and Mercantile Law Through the Cases / _cE Kahn et al. |
||
| 250 | _aSecond Editon | ||
| 260 |
_aCape Town : _bJuta and Company Ltd, _c1985 |
||
| 300 |
_blix, 970 pages ; _c25,5 cm. _e2 Volumes |
||
| 650 |
_aLegal practice _bLaw |
||
| 942 |
_cBK _6ALISON_BN_VRIES |
||
| 999 |
_c462 _d462 |
||